Normal view MARC view
  • Delhi Publishing

Entry Personal Name

Number of records used in: 2

001 - CONTROL NUMBER

  • control field: 4743

003 - CONTROL NUMBER IDENTIFIER

  • control field: OSt

005 - DATE AND TIME OF LATEST TRANSACTION

  • control field: 20171229115310.0

008 - FIXED-LENGTH DATA ELEMENTS

  • fixed length control field: 171229|| aca||aabn | a|a d

040 ## - CATALOGING SOURCE

  • Original cataloging agency: OSt
  • Transcribing agency: OSt

100 ## - HEADING--PERSONAL NAME

  • Personal name: Delhi Publishing

670 ## - SOURCE DATA FOUND

  • Source citation: Work cat.: (OSt): Delhi Publishing, American Heritage new pictorial Encyclopedia Guide to the United States

Powered by Koha